000 00352nam a22001457a 4500
020 _a81-208-1819-9
082 _a510
_bGLO/V
100 _aGLOVER, J.T
245 _aVEDIC MATHEMATICS FOR SCHOOLS
250 _aTHIRD EDITION
260 _aDELHI
_bMOTILAL BANARSIDASS PUBLISHERS
_c2005
300 _a240
650 _aMATHS REFERENCE
_zINDIA
942 _cBK
999 _c1369
_d1369